La representación computacional de dilemas morales: investigación fenomenológica de epistemología experimental

Guardat en:
Dades bibliogràfiques
Autor principal: Vargas Guillén, Germán (Autor)
Format: Llibre
Idioma:espanyol
Publicat: Bogotá Universidad Pedagógica Nacional 2005
Col·lecció:Colección Tesis Doctorales, 2
Matèries:
Etiquetes: Afegir etiqueta
Sense etiquetes, Sigues el primer a etiquetar aquest registre!

MARC

LEADER 00000nam a2200000 a 4500
001 UCK2892
003 CL-VaPUC
008 050324e20050000CK |||||||||||||||||spa|d
020 |a 958822618 
082 0 4 |a 170  |b VAR  |2 21 
100 0 |a Vargas Guillén, Germán  |e author  |9 490882 
245 1 3 |a La representación computacional de dilemas morales: investigación fenomenológica de epistemología experimental 
300 |a 199 p 
942 |c BK 
945 |d 20050324 00:00:00  |a cmena 
260 |a Bogotá  |b Universidad Pedagógica Nacional  |c 2005 
500 |a Incluye Cd-Rom, con Juego de Discernimiento Moral 
650 0 |a Ética  |9 255099 
650 0 |a Comportamiento moral  |9 334569 
650 7 |a INTELIGENCIA ARTIFICIAL  |2 CL-VaPUC  |9 490883 
650 0 |a Cognición   |9 270347 
583 |a last modification  |c 20050324 00:00:00  |k Rodrigo Vera 
490 0 |a Colección Tesis Doctorales, 2 
999 |c 312284  |d 312282 
952 |0 0  |1 0  |4 0  |6 170_000000000000000_VAR_2005  |7 0  |8 A  |9 382350  |a BIBEDU  |b BIBEDU  |c ES_NOD  |d 2019-11-21  |i 4094069  |o 170 VAR 2005  |p 4094069  |r 2023-08-09  |w 2019-11-21  |y BK  |k EDU